00222nam a2200085Ia 4500008004100000100002200041245004700063260001700110260000900127170617s9999 xx 000 0 und d aChatwal - Gurdeep 0aInstrumental Methodes of Chemical Analysis bHimalaya Pub c2009